Basic Indonesian - Click to Translate #2 - Statistics

General Stats
  • This quiz has been taken 40 times
  • The average score is 20 of 26
Answer Stats
Hint Answer % Correct
Geografi Geography
100%
Bahasa Indonesia Indonesian
95%
Seni Musik Music
95%
Matematika Maths
89%
Pensel Pencil
89%
Belajar To learn
89%
Buku Book
84%
Kelas Class
84%
Guru Teacher
84%
Bahasa Inggris English
79%
Pena Pen
79%
Sekolah School
79%
Membosankan Boring
74%
Sulit Difficult
74%
Mudah Easy
74%
Jumat Friday
74%
Penting Important
74%
Menarik Interesting
74%
Sejarah History
68%
Senin Monday
68%
Istirahat Recess
68%
Agama Religious Education
68%
IPA Science
68%
Selasa Tuesday
68%
Rabu Wednesday
68%
Kamis Thursday
63%
No matching quizzes found
Score Distribution
Percent of People with Each Score
Percentile by Number Answered
Your Score History
You have not taken this quiz